Datum a čas kvízu

40 Celkem bodů Celkový počet nahraných bodů na tomto kvízu bez doplňovacích otázek.
3. Pořadí na kvízu Konečné umístění týmu na tomto kvízu.

Zaznamenané odpovědi

# Otázka Odpověď Body Výsledky
1. Centrum pro výzkum veřejného m... Adam Vojtěch 1
2. Internet minulý týden obletělo... kocour (kočka) 0
3. Organizátoři Karlovarského fil... Ethan Hawke 1
4. Česká armáda v pátek převzala... Toyota 1
5. Devítinásobný motocyklový mist... Valentino Rossi 1
6. Rozhodli jsme se prověřit vaše... Rott 1
7. V roce 1844 byla vynalezena hl... cylindrická vložka 1
8. Některé šrouby nemají ani jedn... inbus (též nespisovně imbus) 1
9. Tento vrták je určen pro zhoto... vidiový 0
10. Tato součástka je důležitá pro... sklíčidlo 1